000 00462nam a2200193Ia 4500
005 20240823030733.0
008 240823s9999||||xx |||||||||||||| ||und||
020 _a978-81-8489-795-1
041 _aENGLISH
082 _A629.135 Q1
100 _aCollinson RPG
245 0 _aIntroduction to Avionics Systems
250 _a2nd
260 _c2011
_bK
500 _aYES
650 _aAvionics Systems
_bAerospace Engineering
942 _cBK
999 _c189408
_d189408